| 000 | 00773nam a22002295a 4500 | ||
|---|---|---|---|
| 999 |
_c27511 _d27482 |
||
| 005 | 20190602134421.0 | ||
| 008 | 190602t2018 ua a frb 000 0 eng d | ||
| 020 | _a9789295097209 | ||
| 040 |
_aEG-ScBUE _beng _cEG-ScBUE _dEG-ScBUE |
||
| 043 | _af------ | ||
| 082 | 0 | 4 |
_a338.96 _bORA _222 |
| 100 | 1 | _aOramah, Benedict O. | |
| 245 | 1 | 2 |
_aA path to making Africa great again : _btransforming Africa's trade / _cBenedict O. Oramah. |
| 260 |
_aCairo : _bAfreximbank, _cc.2018. |
||
| 300 |
_a38 p. : _bill. (col.) ; _c24 cm. |
||
| 504 | _aIncludes bibliographical references. | ||
| 541 | _aMr. Farid Khamis ; | ||
| 650 | 7 |
_aEconomic development _zAfrica. _2BUEsh |
|
| 651 | 7 |
_aAfrica _xEconomic policy. _2BUEsh _932385 |
|
| 653 |
_bGGEN _cMay2019 |
||
| 942 | _2ddc | ||